Sports Quiz

Random Sports or NHL Quiz

NHL - Vezina Trophy Winners (Slideshow) Quiz Stats

Quiz not verified by Sporcle

Challenge
Share
Tweet
Score 0/30 Timer 08:00
0 Plays Today
% Correct
Patrick Roy
95.5%
Martin Brodeur
94.4%
Tim Thomas
93.3%
Ryan Miller
90.4%
Henrik Lundqvist
90.3%
Ron Hextall
84%
Sergei Bobrovsky
82.4%
Grant Fuhr
82.2%
Ed Belfour
81.9%
Miikka Kiprusoff
81.3%
Dominik Hasek
79.4%
Ken Dryden
76.8%
Tony Esposito
75.2%
Tom Barrasso
73.9%
Jose Theodore
73.5%
% Correct
John Vanbiesbrouck
69.2%
Terry Sawchuk
68.2%
Olaf Kolzig
66.9%
Bernie Parent
65.4%
Glenn Hall
48.5%
Turk Broda
44.6%
Gump Worsley
43.5%
Johnny Bower
42.7%
Jacques Plante
39.9%
Pete Peeters
36.1%
Tiny Thompson
35.5%
George Hainsworth
30.9%
Frank Brimsek
24.6%
Bill Durnan
24.3%
Charlie Gardiner
10.1%

You're not logged in!

Compare scores with friends on all Sporcle quizzes.
Sign Up with Email
OR
Log In

You Might Also Like...

Show Comments

Extras

Top Quizzes Today


Score Distribution

Your Account Isn't Verified!

In order to create a playlist on Sporcle, you need to verify the email address you used during registration. Go to your Sporcle Settings to finish the process.